[Event "Belgrade Letnji Jezero op"]
[Site "Belgrade"]
[Date "2018.08.05"]
[Round "2"]
[White "Sarenac, Ivan"]
[Black "Stosic, Slobodan"]
[Result "1-0"]
[WhiteElo "2388"]
[BlackElo "2061"]
[PlyCount "88"]
[EventDate "2018.08.04"]
[EventType "swiss"]
[EventRounds "9"]
[EventCountry "SRB"]
[SourceTitle "CBM 185 Extra"]
[Source "ChessBase"]
[SourceDate "2018.07.29"]
[SourceVersion "1"]
[SourceVersionDate "2018.07.29"]
[SourceQuality "1"]

1. e4 e5 2. Nf3 Nc6 3. d4 exd4 4. Nxd4 Nf6 5. Nxc6 bxc6 6. Qe2 Qe7 7. Nc3 Rb8 8. g3 d5 9. Bg2 d4 10. Nd1 Rb6 11. c4 dxc3 12. Nxc3 Ba6 13. Qc2 Qb4 14. a3 Qa5 15. Bd2 Qh5 16. h3 Bc5 17. Bf4 Bd4 18. f3 0-0 19. 0-0-0 c5 20. Bxc7 Rb7 21. Bd6 Rc8 22. f4 Bc4 23. e5 Bb3 24. Qd2 Rb6 25. Rde1 Qg6 26. g4 Ne8 27. f5 Qh6 28. Qxh6 gxh6 29. Be7 Nc7 30. Bf3 Bxc3 31. bxc3 Nb5 32. Kd2 Nxa3 33. Bf6 Bc4 34. Rc1 Rb2+ 35. Ke3 a6 36. Rhg1 Rh2 37. h4 Kf8 38. h5 a5 39. g5 hxg5 40. Rxg5 Rh3 41. Rcg1 Ke8 42. Rd1 Kf8 43. Kf4 Nb5 44. Rg7 Nxc3 1-0

[Event "Paracin Summer op-B 11th"]
[Site "Paracin"]
[Date "2018.07.10"]
[Round "5"]
[White "Jakovljevic, Dejan"]
[Black "Stosic, Slobodan"]
[Result "1/2-1/2"]
[WhiteElo "1969"]
[BlackElo "2087"]
[PlyCount "59"]
[EventDate "2018.07.06"]
[EventType "swiss"]
[EventRounds "9"]
[EventCountry "SRB"]
[SourceTitle "EXT 2019"]
[Source "ChessBase"]
[SourceDate "2018.10.10"]
[SourceVersion "1"]
[SourceVersionDate "2018.10.10"]
[SourceQuality "1"]

1. e4 g6 2. d4 Bg7 3. Nc3 d6 4. Nf3 c6 5. Be3 Nf6 6. Bd3 b5 7. h3 0-0 8. Qd2 Nbd7 9. 0-0 Nb6 10. b3 Qc7 11. Bh6 e5 12. Bxg7 Kxg7 13. Rad1 Be6 14. Ne2 Rad8 15. Ng3 Nfd7 16. c3 f6 17. Nh4 d5 18. Qc2 Bf7 19. Nf3 a6 20. h4 c5 21. Qd2 cxd4 22. cxd4 Rc8 23. Rc1 Qb7 24. h5 Rxc1 25. Rxc1 Re8 26. Bb1 Qb8 27. Rc6 Qb7 28. Qc1 Rc8 29. Rxc8 Qxc8 30. Qxc8 1/2-1/2

[Event "Belgrade-chT"]
[Site "Belgrade"]
[Date "2013.10.18"]
[Round "7.6"]
[White "Milicevic, Aleksa"]
[Black "Stosic, Slobodan"]
[Result "1/2-1/2"]
[WhiteElo "2192"]
[BlackElo "2162"]
[PlyCount "117"]
[EventDate "2013.10.12"]
[EventType "team-tourn"]
[EventRounds "11"]
[EventCountry "SRB"]
[SourceTitle "EXT 2014"]
[Source "ChessBase"]
[SourceDate "2013.11.20"]
[SourceVersion "1"]
[SourceVersionDate "2013.11.20"]
[SourceQuality "1"]
[WhiteTeam "Post Stedionica"]
[BlackTeam "Cirilo i Metodije"]
[WhiteTeamCountry "SRB"]
[BlackTeamCountry "SRB"]

1. d4 Nf6 2. c4 g6 3. Nf3 Bg7 4. Nc3 0-0 5. g3 d6 6. Bg2 Nc6 7. 0-0 e5 8. d5 Ne7 9. h3 Ne8 10. e4 h6 11. Ne1 f5 12. Nd3 Nf6 13. Kh2 g5 14. f4 exf4 15. gxf4 fxe4 16. Nxe4 Nxe4 17. Bxe4 g4 18. hxg4 Ng6 19. Qe1 Re8 20. Nf2 Qh4+ 21. Kg2 Bxg4 22. Rh1 Qe7 23. Nxg4 Qxe4+ 24. Qxe4 Rxe4 25. Nxh6+ Kf8 26. Nf5 Rae8 27. Kf3 Re1 28. Bd2 Rxa1 29. Rxa1 Bf6 30. Rh1 Ne7 31. Nxe7 Rxe7 32. b3 Kg7 33. Rh2 Kg6 34. Rg2+ Kf5 35. Rg8 Rh7 36. Rf8 Rh3+ 37. Ke2 a6 38. Be3 Ke4 39. Re8+ Kf5 40. Kd3 c5 41. dxc6 bxc6 42. b4 d5 43. cxd5 cxd5 44. Kc2 Rh2+ 45. Bd2 Rh3 46. Re3 Rxe3 47. Bxe3 Ke4 48. Bd2 Be7 49. a4 d4 50. b5 axb5 51. axb5 Bd8 52. Kb3 Bb6 53. Kc4 d3 54. f5 Kxf5 55. Kxd3 Ke5 56. Kc4 Kd6 57. Bf4+ Ke6 58. Bb8 Bg1 59. Bf4 1/2-1/2

[Event "Senta op-B 17th"]
[Site "Senta"]
[Date "2013.07.15"]
[Round "4"]
[White "Stosic, Slobodan"]
[Black "Milanovic, Maja"]
[Result "1/2-1/2"]
[WhiteElo "2155"]
[BlackElo "1969"]
[PlyCount "48"]
[EventDate "2013.07.13"]
[EventType "swiss"]
[EventRounds "9"]
[EventCountry "SRB"]
[SourceTitle "EXT 2014"]
[Source "ChessBase"]
[SourceDate "2013.11.20"]
[SourceVersion "1"]
[SourceVersionDate "2013.11.20"]
[SourceQuality "1"]

1. d4 Nf6 2. c4 c5 3. Nf3 e6 4. d5 Qc7 5. Nc3 a6 6. e4 e5 7. a4 d6 8. h3 g6 9. Bd3 Bg7 10. g4 Qe7 11. Ne2 a5 12. Ng3 h6 13. Bd2 b6 14. Kf1 Na6 15. Qc1 Bd7 16. Kg2 0-0-0 17. Qc2 Kb7 18. Rae1 Nh7 19. b3 g5 20. Nh2 f6 21. Nhf1 Nf8 22. Ne3 Ng6 23. Nef5 Bxf5 24. Nxf5 Qf7 1/2-1/2

[Event "Senta op-B 17th"]
[Site "Senta"]
[Date "2013.07.14"]
[Round "3"]
[White "Polhert, Zdenko"]
[Black "Stosic, Slobodan"]
[Result "1/2-1/2"]
[WhiteElo "1982"]
[BlackElo "2155"]
[PlyCount "56"]
[EventDate "2013.07.13"]
[EventType "swiss"]
[EventRounds "9"]
[EventCountry "SRB"]
[SourceTitle "EXT 2014"]
[Source "ChessBase"]
[SourceDate "2013.11.20"]
[SourceVersion "1"]
[SourceVersionDate "2013.11.20"]
[SourceQuality "1"]

1. d4 Nf6 2. c4 g6 3. Nc3 Bg7 4. e4 d6 5. h3 0-0 6. Nf3 Na6 7. Bd3 c5 8. d5 Nc7 9. 0-0 a6 10. a4 Rb8 11. Re1 e5 12. Kh2 Nh5 13. Ng1 Bd7 14. g3 b5 15. b3 b4 16. Nce2 f5 17. Kg2 Qf6 18. f3 f4 19. g4 Qg5 20. Rf1 Bf6 21. Kh1 Ng7 22. Rf2 h5 23. Rh2 Qh6 24. Ra2 Kf7 25. Ng3 Rh8 26. Nf1 Bh4 27. Rag2 Rbf8 28. Bd2 g5 1/2-1/2

[Event "Belgrade Winter op"]
[Site "Belgrade"]
[Date "2011.01.23"]
[Round "2"]
[White "Klasan, Vladimir"]
[Black "Stosic, Slobodan"]
[Result "1/2-1/2"]
[WhiteElo "2365"]
[BlackElo "2153"]
[PlyCount "118"]
[EventDate "2011.01.22"]
[EventType "swiss"]
[EventRounds "9"]
[EventCountry "SRB"]
[SourceTitle "CBM 140 Extra"]
[Source "ChessBase"]
[SourceDate "2011.03.01"]
[SourceVersion "1"]
[SourceVersionDate "2011.03.01"]
[SourceQuality "1"]

1. e4 c5 2. Nf3 Nc6 3. b3 e6 4. Bb2 d5 5. Bb5 Nf6 6. exd5 exd5 7. Qe2+ Qe7 8. Ne5 Bd7 9. Nxd7 Kxd7 10. 0-0 Qxe2 11. Bxe2 Bd6 12. Bxf6 gxf6 13. Bg4+ Kc7 14. Nc3 Ne7 15. d4 Rad8 16. Rad1 cxd4 17. Nb5+ Kb6 18. Nxd6 Rxd6 19. Rxd4 Kc5 20. Ra4 a6 21. Rd1 b5 22. Rad4 b4 23. Bh5 Ng6 24. a3 a5 25. axb4+ axb4 26. R4d2 Ra8 27. g3 Ra2 28. f4 d4 29. Be2 Ne7 30. Bd3 h6 31. Be4 f5 32. Bf3 d3 33. Rc1 dxc2 34. Rcxc2+ Rxc2 35. Rxc2+ Kb5 36. Rc7 Nc6 37. Be2+ Kc5 38. Rxf7 Kd4 39. Rxf5 Ke3 40. Bg4 Rd3 41. Rf8 Rxb3 42. Re8+ Kd4 43. Re6 Rc3 44. Rxh6 b3 45. Bf5 b2 46. Kg2 Kc5 47. Rh8 Nd4 48. Rc8+ Kb4 49. Rb8+ Ka3 50. Bg6 Nc2 51. Bxc2 Rxc2+ 52. Kh3 Rc4 53. Rxb2 Kxb2 54. Kg4 Kc3 55. Kf5 Kd4 56. g4 Ke3 57. g5 Rxf4+ 58. Ke6 Kf3 59. g6 Kg2 1/2-1/2